000 00563nam a2200229 a 4500
001 nice12345678
003 IN_TiNIC
005 20260116011813.0
008 050524s1931 tura grs 000 0 trg
020 _a
_c100
082 0 0 _a232
_bHER
100 _aHermans, Son
245 _aMesihning Olugh Ismlari
_b High Name of Christ
260 _aTurki
_bMission Press Kashgar
_c1931
300 _a26p
500 _aincludes index and biblioraphy
505 2 _aTurkish language
650 _aJesus Christ
902 _bSRS
942 _cPS
999 _c4090
_d4090